000 00485nam a2200181Ia 4500
001 20572
005 20260306172815.0
008 260306t2018||||xx |||||||||||||| ||spa||
041 _aESP
082 _a343.4
_bM44
100 _aMesía Ramírez, Carlos
_eAUT
245 0 _aLos derechos fundamentales:
_bdogmática y jurisprudencia del Tribunal Constitucional
260 _c2018
300 _a414 páginas :
_c24 cm.
650 _aGEN
654 _aCDE
942 _cLIB
_dJUS
_fJUS
_2ddc
_n
999 _c20572
_d20572